000 00707nam a22002057a 4500
005 2010080902082.0
010 _aENG-99131
020 _a9789380433110
_c140.00
035 _aEN-82663
037 _bDBAD/PUB
082 _a616.9101
100 _aKannahi,M
_99185
245 _aModern Virology /
_cBy M Kannahi
260 _aThanjavur
_bNalankilli Pathippagam
_c2009
270 _a1271, Sulthanjiappa Lane South Rampart
_bThanjavur
_e613001
300 _a167p
_c21cm(pbk)
500 _aIncludes references
942 _2ddc
_cEN
_h616.9101
_mKAN
999 _c40296
_d40296